000 00685cam a2200217 a 4500
001 000018125
005 20200929165350.0
008 741009s1973 oncc 000 0 eng d
020 _a0771011954
040 _aDO-SdBNP
_beng
_cLC
_dBNPHU
050 0 0 _aF1095.Y9
_bB47 1973
082 _ann*
_bB547d
100 1 _aBerton, Pierre,
_d1920-2004.
_939273
245 1 0 _aDrifting home /
_cPierre Berton.
260 _a[Toronto] :
_bMcClelland and Stewart Limited,
_c1973.
300 _a174, [24] p. :
_bretrs. ;
_c21 cm.
651 0 _aYukon River
_xDescription And Travel.
_939274
650 0 _aRafting (sports)
_zYukon River.
_939275
910 _aCatalogación por copia / LC
049 _aBNGR
999 _c17646
_d17646